Catálogo
 En Linea

La gestión educativa en la educación superior : (Registro nro. 60679)

Detalles MARC
000 -CABECERA
campo de control de longitud fija 02339nam a2200313 i 4500
003 - IDENTIFICADOR DEL NÚMERO DE CONTROL
campo de control DO-SdBNP
005 - FECHA Y HORA DE LA ÚLTIMA TRANSACCIÓN
campo de control 20260508094645.0
007 - CAMPO FIJO DE DESCRIPCIÓN FÍSICA--INFORMACIÓN GENERAL
campo de control de longitud fija ta
008 - DATOS DE LONGITUD FIJA--INFORMACIÓN GENERAL
campo de control de longitud fija 260506b2025 dr a|||| |||| 00| 0 spa d
020 ## - NÚMERO INTERNACIONAL ESTÁNDAR DEL LIBRO
Número Internacional Estándar del Libro 9789945625585
040 ## - FUENTE DE LA CATALOGACIÓN
Centro catalogador/agencia de origen DO-SdBNP
Lengua de catalogación spa
Centro/agencia transcriptor BNPHU
Normas de descripción rda
041 ## - CÓDIGO DE LENGUA
Código de lengua del texto/banda sonora o título independiente spa
082 #4 - NÚMERO DE LA CLASIFICACIÓN DECIMAL DEWEY
Número de clasificación xxx
Número de documento/Ítem G393e
Número de edición 22
245 13 - MENCIÓN DE TÍTULO
Título La gestión educativa en la educación superior :
Resto del título retos y oportunidades /
Mención de responsabilidad, etc. compiladores, Edith Juliana Cisneros Chacón, José Gabriel Domínguez Castillo.
250 ## - MENCIÓN DE EDICIÓN
Mención de edición Primera edición
264 #4 - PRODUCCIÓN, PUBLICACIÓN, DISTRIBUCIÓN, FABRICACIÓN Y COPYRIGHT
Producción, publicación, distribución, fabricación y copyright Santiago de los Caballeros, República Dominicana :
Nombre del de productor, editor, distribuidor, fabricante Universidad Abierta para Adultos,
Fecha de producción, publicación, distribución, fabricación o copyright ©2025.
300 ## - DESCRIPCIÓN FÍSICA
Extensión 215 páginas :
Otras características físicas ilustraciones ;
Dimensiones 23 cm.
336 ## - TIPO DE CONTENIDO
Término de tipo de contenido texto
Código de tipo de contenido txt
Fuente rdacontent
337 ## - TIPO DE MEDIO
Nombre/término del tipo de medio sin mediación
Código del tipo de medio n
Fuente rdamedia
338 ## - TIPO DE SOPORTE
Nombre/término del tipo de soporte volumen
Código del tipo de soporte nc
Fuente rdacarrier
490 1# - MENCIÓN DE SERIE
Mención de serie Colección libros de investigación
Designación de volumen o secuencia 10
490 1# - MENCIÓN DE SERIE
Mención de serie Educación y sociedad
505 ## - NOTA DE CONTENIDO CON FORMATO
Nota de contenido con formato Introducción --
Título La afectividad como factor importante para la gestión educativa en los entornos virtuales /
Mención de responsabilidad Sergio Humberto Quiñonez Pech --
-- José Israel Méndez Ojeda --
-- Ángel Alpuche Rivera --
Título Identificación de retos en la gestión escolar de la educación a distancia /
Mención de responsabilidad Gabriel Domínguez Castillo --
-- Edith Juliana Cisneros Chacón --
-- Mari Carmen Alonzo Godoy --
-- Julio Isaac Vega Cauicha --
Título La cultura inclusiva como motor de cambio. Análisis del Modelo Index en las gestión de los centros educativos españoles /
Mención de responsabilidad José Manuel Ortiz Marcos --
-- Ana Isabel Invernón-Gómez --
-- María Piedad Castaño-Morillo --
-- Alfonso López-Ruiz --
Título Gestión del cambio en la comunicación interna de un centro educativo /
Mención de responsabilidad Leonor Elena López-Canto --
-- Silvia Isabel Salazar-Ceballos --
-- Ruth Noemi Ojeda-López --
Título Violencia escolar: impactos y desafíos para la gestión educativa /
Mención de responsabilidad Ángel Martín Aguilar Riveroll --
Título Educación superior y justicia social: desafíos y alternativas en la gestión de políticas educativas en Latinoamérica /
Mención de responsabilidad Luis Cervera Perera --
-- Galo E. López Camboa --
-- Ángel Martín Aguilar Riveroll --
700 1# - PUNTO DE ACCESO ADICIONAL--NOMBRE DE PERSONA
Nombre de persona Cisneros Chacón, Edith Juliana,
Término indicativo de función/relación compilador
Código de función/relación comp.
9 (RLIN) 89486
700 1# - PUNTO DE ACCESO ADICIONAL--NOMBRE DE PERSONA
Nombre de persona Domínguez Castillo, José Gabriel,
Término indicativo de función/relación compilador
Código de función/relación comp.
9 (RLIN) 89487
830 #0 - PUNTO DE ACCESO ADICIONAL DE SERIE-TÍTULO UNIFORME
Título uniforme Colección libros de investigación
Número de parte o sección de la obra 10
Nombre de parte o sección de la obra Educación y sociedad
9 (RLIN) 89488
910 ## - DATOS DE OPCIÓN DEL USUARIO (OCLC)
Datos de opción del usuario LP
942 ## - ELEMENTOS DE PUNTO DE ACCESO ADICIONAL (KOHA)
Fuente del sistema de clasificación o colocación Dewey Decimal Classification
Tipo de ítem Koha Libro
Existencias
Estado de retiro Estado de pérdida Fuente del sistema de clasificación o colocación Restricciones de uso No para préstamo Código de colección Localización permanente Ubicación/localización actual Ubicación en estantería Fecha de adquisición Fuente de adquisición Total de préstamos Signatura topográfica completa Código de barras Fecha visto por última vez Precio válido a partir de Tipo de ítem Koha Número de copia
    Dewey Decimal Classification Excluido de préstamo   Patrimonio Dominicano Biblioteca Nacional Pedro Henríquez Ureña Biblioteca Nacional Pedro Henríquez Ureña En catalogación 26.02.2026 Depósito Legal   BNPHU PD xxx G393e 2026-3592 06.05.2026 06.05.2026 Libro  
    Dewey Decimal Classification Excluido de préstamo   Patrimonio Dominicano Biblioteca Nacional Pedro Henríquez Ureña Biblioteca Nacional Pedro Henríquez Ureña En catalogación 26.02.2026 Depósito Legal   BNPHU PD xxx G393e 2026-3593 06.05.2026 06.05.2026 Libro e.2
    Dewey Decimal Classification Préstamo en sala   Dominicana de Servicio Biblioteca Nacional Pedro Henríquez Ureña Biblioteca Nacional Pedro Henríquez Ureña En catalogación 26.02.2026 Depósito Legal   BNPHU DS xxx G393e 2026-3597 06.05.2026 06.05.2026 Libro e.3

Con tecnología Koha